000 02625cgm a2200421 a 4500
001 vtls003100439
003 MY-SjTCS
005 20200226112855.0
008 081124s2006 cau114 000 v|eng d
039 9 _a200912031515
_bkevin
_c200811241749
_dVLOAD
_y200801221407
_zpushpa
082 0 4 _a791.43
_bCAP
130 0 _aCapote (Motion picture)
245 1 0 _aCapote
_h[videorecording] /
_cUnited Artists and Sony Pictures Classics present an A-Line Pictures/Cooper's Town Productions/Infinity Media production ; directed by Bennett Miller ; screenplay by Dan Futterman ; produced by Caroline Baron ; produced by William Vince and Michael Ohoven.
260 _a[Culver City, Calif.] :
_bSony Pictures Home Entertainment,
_cc2006.
300 _a1 videodisc (ca. 114 min.) :
_bsd., col. ;
_c4 3/4 in.
500 _aBased on the book by Gerald Clarke.
511 1 _aPhilip Seymour Hoffman, Catherine Keener, Clifton Collins, Jr., Bruce Greenwood, Bob Balaban, Mark Pellegrino, Chris Cooper.
520 _aIn 1959, Truman Capote was a popular writer for The New Yorker. He learns about the horrific and senseless murder of a family of four in Halcomb, Kansas. Inspired by the story, Capote and his partner, Harper Lee, travel to the town to do research for an article. However, as Capote digs deeper into the story, he is inspired to expand the project into what would be his greatest work, "In Cold Blood." He arranges extensive interviews with the convicted killers, especially with Perry Smith. However, his feelings of compassion for Perry conflicts with his need for closure for his book which only an execution can provide. That conflict and the mixed motives for both interviewer and subject make for a troubling experience that would produce an literary account that would redefine modern non-fiction.
546 _aSubtitles in English & Thai.
600 1 0 _aCapote, Truman,
_d1924-1984
_vDrama.
600 1 0 _aSmith, Perry Edward,
_d1928-1965
_vDrama.
650 0 _aAuthors, American
_y20th century
_vDrama.
650 0 _aMurderers
_vInterviews
_vDrama.
700 1 _aMiller, Bennett.
700 1 _aBaron, Caroline.
700 1 _aVince, William.
700 1 _aOhoven, Michael.
700 1 _aFutterman, Dan,
_d1967-
700 1 _aHoffman, Philip Seymour,
_d1967-
700 1 _aKeener, Catherine.
_928522
710 2 _aUnited Artists Corporation.
_924806
710 2 _aSony Pictures Classics (Firm)
_928523
710 2 _aA-Line Pictures.
710 2 _aCooper's Town Productions.
710 2 _aInfinity Media (Firm)
710 2 _aSony Pictures Home Entertainment (Firm)
_925908
920 _aMCS: DVD200008
999 _c100474